000 00935nam a2200217Ia 4500
999 _c47188
_d47188
001 14046
003 GE_BSU
005 20200207154710.0
008 181216s1990||||g |||||||||||||| ||g ||
020 _a5505011861
040 _cGE_BSU
041 _ageo
080 _a821.353.1-92+37.01(479.22) გ-59
100 _aგოგებაშვილი, იაკობ
_96911
245 _aრჩეული თხზულებანი :
_bტ. 4 /
_cიაკობ გოგებაშვილი ; შემდგ. ვ. რამიშვილი, ლ. ქაჯაია ; ტომის რედ. ვ. რამიშვილი.
264 _aთბილისი :
_bგანათლება,
_c1990.
300 _a703 გვ. ;
_c20 სმ.
653 _aრჩეული თხზულებანი
700 _aრამიშვილი, ვ.
_eრედაქტორი
_96912
942 _cBK
_2udc